000 00443nam a2200181Ia 4500
001 10899
005 20260306161906.0
008 260306t1990||||xx |||||||||||||| ||spa||
041 _aESP
082 _a980.004
_bLL762
100 _aLlosa, Jorge Guillermo
_eAUT
245 0 _aIdentidad histórica de América Latina
260 _c1990
300 _a233 páginas :
_c21 cm.
650 _aGEN
654 _aCHU
942 _cLIB
_dJUS
_fJUS
_2ddc
_n
999 _c10899
_d10899